[Event "Centrocoop Sept op-A"]
[Site "Eforie Nord"]
[Date "1998.??.??"]
[Round "?"]
[White "Dumitrache, Dragos Nicolae"]
[Black "Udalkin, Ruslan A"]
[Result "1-0"]
[WhiteElo "2420"]
[BlackElo "2180"]
[PlyCount "104"]
[EventDate "1998.09.??"]
[EventType "swiss"]
[EventRounds "11"]
[EventCountry "ROU"]
[SourceTitle "EXT 2000"]
[Source "ChessBase"]
[SourceDate "1999.11.16"]
[SourceVersion "1"]
[SourceVersionDate "1999.11.16"]
[SourceQuality "1"]

1. d4 d5 2. c4 c6 3. Nf3 Nf6 4. Nc3 e6 5. e3 Nbd7 6. Qc2 Be7 7. Be2 dxc4 8. Bxc4 b5 9. Be2 a6 10. e4 Bb7 11. 0-0 c5 12. e5 Nd5 13. Ne4 cxd4 14. a3 Rc8 15. Qd3 Nc5 16. Nxc5 Bxc5 17. Ng5 Ne7 18. Bh5 g6 19. Bf3 Bd5 20. Ne4 Bxe4 21. Bxe4 Nf5 22. Bb7 Rb8 23. Bc6+ Kf8 24. b4 Be7 25. g4 Ng7 26. Be4 h5 27. h3 hxg4 28. hxg4 Rh4 29. Qg3 d3 30. Be3 Rc8 31. Rac1 Ne8 32. Rxc8 Qxc8 33. Rc1 Qd7 34. Rd1 f5 35. exf6 Bxf6 36. Rxd3 Qc7 37. Bc5+ Kg8 38. Qxc7 Nxc7 39. f3 g5 40. Rd7 Nd5 41. Bxd5 exd5 42. Rxd5 Rh6 43. Be3 Rg6 44. Rd6 Kf7 45. Rd7+ Ke8 46. Rd5 Kf7 47. Kf2 Rg8 48. Rd7+ Ke6 49. Ra7 Rc8 50. Rxa6+ Kf7 51. Rb6 Rc2+ 52. Kf1 Rc3 1-0

[Event "Centrocoop Sept op-A"]
[Site "Eforie Nord"]
[Date "1998.??.??"]
[Round "?"]
[White "Udalkin, Ruslan A"]
[Black "Kozma, Roland"]
[Result "1-0"]
[WhiteElo "2180"]
[BlackElo "1650"]
[PlyCount "55"]
[EventDate "1998.09.??"]
[EventType "swiss"]
[EventRounds "11"]
[EventCountry "ROU"]
[SourceTitle "EXT 2000"]
[Source "ChessBase"]
[SourceDate "1999.11.16"]
[SourceVersion "1"]
[SourceVersionDate "1999.11.16"]
[SourceQuality "1"]

1. d4 Nf6 2. c4 g6 3. Nc3 d5 4. g3 Bg7 5. Bg2 c6 6. b3 0-0 7. Nf3 Bg4 8. Ne5 Bf5 9. 0-0 Ne4 10. Nxe4 Bxe4 11. f3 Bf5 12. Bb2 Nd7 13. Nxd7 Bxd7 14. Qd2 Re8 15. e4 dxe4 16. fxe4 Qb6 17. Qf2 Rf8 18. Rac1 Rad8 19. e5 f6 20. exf6 Rxf6 21. Qe3 Re6 22. Qf2 Rf6 23. Qd2 Rd6 24. c5 Bxd4+ 25. Bxd4 Qc7 26. cxd6 Qxd6 27. Bc3 Qc5+ 28. Qd4 1-0